01017nam a2200205 i 450000100060000000300090000600500170001500700030003200800410003510000390007624501500011526000720026530000410033750001180037871000570049671100830055385200320063699900170066895201260068570213ES-MaACL20230906170745.0t|040720s1959 sp ||||1| spa d1 aGarcía Prado, Justiniano.95513410aGuerra de la independencia (1808-1814) b: "Asturias, nunca vencida" en operaciones militares en el principado / cpor Justiniano García Prado. a[Oviedo : bs.n., c1959] (fTip. Residencia Provincial de Niños) a157 p., 25 lám. : bil. ; c24 cm. aPrecede al tít.: Diputación Provincial de Oviedo, II Congreso Internacional de la Guerra de la Independencia.00aOviedo (Provincia). bDiputación Provincial.960852 aCongreso Internacional de la Guerra de la Independencia (n2º. cOviedo)9439 aES-MaACLjC-16946 bR.44578 c70213d70213 00104070aATENEOMbATENEOMcGaleríad2008-01-17eSCl0oC-16946p1073522r2023-02-23 00:00:00w2023-02-23yMONOGRAFIA